[Event "Bundesliga 0203"]
[Site "Germany"]
[Date "2003.02.08"]
[Round "10.1"]
[White "Prusikin, Michael"]
[Black "Aronian, Levon"]
[Result "0-1"]
[WhiteElo "2504"]
[BlackElo "2581"]
[Annotator "Ribli,Z"]
[PlyCount "86"]
[EventDate "2002.10.19"]
[EventType "team-tourn"]
[EventRounds "15"]
[EventCountry "GER"]
[SourceTitle "CBM 094"]
[Source "ChessBase"]
[SourceDate "2003.05.26"]
[SourceVersion "1"]
[SourceVersionDate "2003.05.26"]
[SourceQuality "1"]
[WhiteTeam "Forchheim"]
[BlackTeam "Wattenscheid"]
[WhiteTeamCountry "GER"]
[BlackTeamCountry "GER"]

1. d4 Nf6 2. c4 e6 3. g3 d5 4. Nf3 a6 {Diese Zugfolge ist eine Seltenheit. 
(Die andere Moeglichkeit ist ein Fehler in der Partienotation). In der Mega
Database 2003 habe ich nur 21 Partien gefunden, wo Schwarz so spielte - unter
anderem gute Großmeister, wie Suetin, Krasenkov, Lautier usw.} 5. Bg2 (5. Nbd2)
(5. Qc2) 5... dxc4 6. O-O Nc6 {Heutzutage ist diese Variante sehr popular -
frueher spielte Schwarz lieber 6...b5. Ich muss bemerken, dass Großmeister
Aronian die Katalanische Eroeffnung auch mit Weiß spielt.} 7. Nc3 (7. e3 Bd7 8.
Qe2 (8. Nc3)) 7... Rb8 8. e4 Be7 9. Qe2 {Dieser Zug wird heutzutage weniger
gespielt. Weiß moechte im folgenden 10.Rd1 ziehen.} (9. d5 exd5 10. exd5 Nb4
11. Ne5 Bf5 12. a3 Nd3 13. Nxc4 O-O 14. b4 Nxc1 15. Rxc1 Ne8 16. Qf3 g6 17. Ne4
Bxe4 18. Qxe4 Nd6 {1/2-1/2 Bareev,E-Adams,M/Dortmund 2002/CBM 90 (25)}) 9...
Nxd4 {Das ist die prinzipielle, aber riskante Fortsetzung - danach bekommt
Weiß einige Initiative.} (9... b5 10. Rd1 Nb4 11. Ne5 (11. Ne1) 11... Nd7 $5
$13 (11... Bb7 12. a3 Nd3 13. Nxd3 cxd3 14. Rxd3 O-O 15. g4 Nd7 16. b4 Re8 17.
f4 {1-0 Ivanisevic,I-Abramovic,B/Vrnjacka Banja 1999/EXT 2000 (39)}) 12. b3
Nxe5 13. dxe5 Nd3 14. Be3 O-O 15. f4 {0-1 Lalic,B-Chandler,M/Hastings 2000/CBM
75/[Ribli] (41)}) 10. Nxd4 Qxd4 11. Rd1 Qc5 12. Be3 (12. e5 Nd7 13. Ne4 Qxe5
14. Bf4 Qa5 15. Qxc4 e5 16. Bd2 Qb6 17. Be3 c5 18. Nc3 Nf6 {0-1 Klinger,
J-Boensch,U/Lugano 1989/TD (41)}) 12... Qa5 $5 {Dieser Damezug scheint mir
logischer, als die frueher gespielte Alternative 12...Qb4.} (12... Qb4 13. a3
Qb3 14. Bf4 Qb6 15. Rd2 Qc5 16. Be3 Qa5 17. Qxc4 c5 18. Bf4 Ra8 19. Qe2 Nd7 20.
Rad1 e5 21. Bh3 Nf6 22. Bxc8 Rxc8 23. Bxe5 O-O 24. Nd5 Nxd5 25. exd5 Rce8 26.
Qg4 f6 27. Qe6+ Kh8 28. Bc3 {1/2-1/2 Ovcina,D-Wegener,O/Yerevan 2000/CBM 78
ext (42)}) 13. Qxc4 e5 {[%mdl 4] Mit diesem Zug schwaecht Schwarz das d5-Feld,
aber er muss praktisch so spielen, weil der Gegner sonst 14.e5 ziehen kann,
mit gefährlicher Initiative am Königsflügel.} (13... O-O 14. e5 Qxe5 (14... Nd7
15. f4 $44) 15. Bf4 Qc5 16. Qxc5 Bxc5 17. Bxc7 Ra8 18. Rac1 $44) 14. a3 {
[%cal Gb2b4]} Be6 (14... c6 $6 15. b4 Qc7 16. Nd5 Nxd5 17. exd5 $36) 15. Nd5
Bd6 (15... Bxd5 16. exd5 Bd6 17. b4 Qb5 18. Qxb5+ axb5 19. Bf1 $11) 16. b4 (16.
Nxf6+ gxf6 17. Qc2 $15) 16... Bxd5 17. Rxd5 (17. exd5 Qa4 $15) 17... Qa4 {
[%cal Ga4d7]} 18. Ra5 {Dieser Zug kommt mit Tempo, aber der Turm steht weniger
gut auf a5.} Qd7 {Schwarz hat einen Bauern mehr und ich sehe keine
Kompensation fuer Weiß. Eine andere Frage ist, ob Schwarz den Materialvorteil
verwerten kann.} 19. Bg5 Qe6 (19... Qe7 $15) 20. Qf1 (20. Qxe6+ fxe6 $15 {
[%csl Ra5]}) 20... h6 21. Bh3 (21. Be3 O-O $15) 21... Qe7 22. Bxf6 Qxf6 23. Rd5
h5 $1 {[%cal Gh5h4] Mit diesem Zug gewinnt Schwarz Raum am Koenigsfluegel und
moechte spaeter h5-h4 ziehen.} (23... O-O $15) 24. Qe2 g6 (24... h4 $15) 25.
Rad1 Kf8 {[%cal Gf8g7]} 26. R1d3 Kg7 {[%csl Gg7][%cal Gh5h4] Der schwarze
Koenig steht in voller Sicherheit auf g7 und im folgenden kann Schwarz mit
h5-h4 aktiv spielen.} 27. Bf1 (27. Rf3 Qe7 $15) 27... h4 (27... Qe6 28. h4 $15)
28. Qg4 Qe6 29. Be2 Rbf8 {[%cal Gf7f5] Mit dem Turmzug bereitet Schwarz 30...
f5 vor, mit Angriffchancen am Koenigsfluegel.} 30. Qxe6 fxe6 31. Ra5 {Der
weiße Turm muss wieder nach a5 gehen.} Ra8 {Nach diesem Zug muss Weiß immer
mit b6 oder mit b5 rechnen, wonach der a5R vom Spiel ausgeschlossen wird.} 32.
Rb3 c6 {[%cal Gd6c7,Gc7a5]} 33. a4 Bc7 34. Rc5 Bb6 35. Rc2 (35. Rxe5 Kf6 $19 {
[%csl Re5]}) 35... Rad8 $17 {[%cal Gd8d1]} 36. Rd3 (36. Kg2 $142 $17) 36...
Rxd3 37. Bxd3 {[%mdl 4096]} Rd8 38. Be2 Rd4 {[%csl Gb6,Gd4][%cal Rd4b4,Rd4e4]
Es gibt ungleichfarbige Läufer auf dem Brett, aber das hilft nur Schwarz - er
hat starke Kontrolle ueber die dunklen Felder.} 39. b5 cxb5 40. axb5 a5 {
[%csl Ga5]} 41. Kg2 (41. Rc4 Rd2 42. Kf1 Ra2 $19 {[%cal Ga5a4]}) 41... a4 42.
f3 Rb4 43. gxh4 Bd4 $19 {[%csl Gb4,Gd4][%cal Ga4a3]} 0-1

[Event "St Petersburg-Moscow"]
[Site "St Petersburg"]
[Date "2003.05.05"]
[Round "2"]
[White "Novikov, Mikhail V"]
[Black "Kosteniuk, Alexandra"]
[Result "0-1"]
[WhiteElo "2401"]
[BlackElo "2452"]
[Annotator "Ribli,Z"]
[PlyCount "116"]
[EventDate "2003.05.03"]
[EventType "team"]
[EventRounds "2"]
[EventCountry "RUS"]
[SourceTitle "CBM 095"]
[Source "ChessBase"]
[SourceDate "2003.07.25"]
[SourceVersion "1"]
[SourceVersionDate "2003.07.25"]
[SourceQuality "1"]

1. d4 d5 2. c4 e6 3. Nf3 Nf6 4. g3 dxc4 5. Bg2 a6 6. O-O Nc6 {Das ist eine
chancenreiche - und heutzutage besonders populare - Variante fuer Schwarz
gegen die Katalanische Verteidigung.} 7. Na3 {Dieser Zug wird selten gespielt
- die Hauptvariante ist 7.e3, aber 7.Nc3 ist auch spielbar.} Bxa3 8. bxa3 Rb8 (
8... O-O) 9. Bb2 O-O 10. Qc2 b5 11. Rad1 Ne7 {[%cal Ge7g6] Der Springer zielt
auf das g6-Feld, weil Weiss ansonsten nach der Ausfuehrung des Zuges e2-e4 mit
d4-d5 den Springer auf c6 angreifen könnte.} (11... Bb7 12. Ng5 Ne7 13. d5 e5
14. Bxe5 $14 {0-1 Kozul,Z-Kveinys,A/Moscow 1994/CBM 44 ext (38)}) (11... Rb6
12. e4 Bb7 13. Ng5 Nd7 14. h4 h6 15. Nh3 Re8 16. Nf4 (16. d5 exd5 17. exd5 Nce5
$15) 16... e5 $1 $15 {0-1 Shipov,S-Ivanov,S/St Petersburg 1998/CBM 67/[Ribli] 
(35)}) 12. e4 {Weiss hat das Lauferpaar und ein scheinbar starkes
Bauernzentrum, aber die schwarze Stellung ist fest und er hat einen Bauern
mehr. Ich bin gar nicht sicher, dass die weisse Kompensation ausreichend ist.}
Ng6 {Dieser Springerzug scheint mir viel logischer als die Alternative 12...
Rb6.} (12... Rb6 13. Rfe1 (13. Nh4 Bb7 14. Rfe1 Qa8 15. Qe2 $1 Ng6 16. Nxg6
hxg6 17. g4 a5 $1 $132 18. g5 Nh5 $8 19. Bc1 c3 20. Bf3 b4 21. Bxh5 gxh5 22.
Bf4 $1 {0-1 Kozul,Z-Davidovic,A/Schellenberg 1989/EXT 2003/[Kozul] (37)}) 13...
Re8 (13... Bb7) 14. Bc3 Ng6 15. h4 h6 16. Ba5 Rb8 17. Ne5 Ne7 18. g4 $36 {
0-1 Grebenkin,V-Kozirev,A/Ekaterinburg 1996/EXT 2000 (83)}) 13. h4 (13. Bc3 Re8
14. Ne5 Bb7 15. f4 Qc8 16. Rfe1 Nd7 17. Bh3 Ndxe5 18. fxe5 Qd8 19. Qf2 c5 20.
d5 Qc7 21. d6 Qc6 22. Bg2 Red8 23. h4 b4 {0-1 Roa Alonso,S-Korneev,O/Collado
Villalba 2000/EXT 2001 (45)}) 13... Bb7 14. Rfe1 Qe7 $1 {[%csl Ge7][%cal Ge7a3]
[%mdl 4] Mit diesem Damezug kann Schwarz seine Damenstellung verbessern und
bei e7-Damestellung geht Bc3 nicht, weil a3 dann einsteht.} (14... h6 15. Bc3
Re8 16. Ba5 Qc8 17. Bh3 Bc6 18. d5 Bd7 19. d6 cxd6 20. Rxd6 e5 21. Bxd7 Nxd7
22. Red1 Nf6 {0-1 Liebert,H-Kohlweyer,B/Germany 1991/GER-chT (52)}) (14... Re8
15. Rd2 h6 16. Bc3 Nd7 17. a4 Nb6 18. a5 Na4 19. Bb4 c5 20. dxc5 Qc8 21. h5 Ne7
22. Red1 Nc6 23. a3 e5 {1/2-1/2 Gazarek,D-Sveshnikov,E/Ljubljana 1996/CBM 53
ext (45)}) 15. Nh2 $6 {Dieser Springerzug gefaellt mir nicht, aber Weiss fällt
es bereits schwer, einen aktiven Spielplan zu finden.} (15. a4 $5 b4 16. h5
Nxh5 17. Qxc4 $44) 15... e5 $15 16. d5 Rfd8 (16... c6 17. d6 Qe6 18. Nf3 $44)
17. Qe2 {[%cal Gh4h5]} h5 {Auf diese Weise verhindert Schwarz die weissen
Drohungen mit h4-h5.} (17... c6 18. h5 Nf8 $17) 18. Bc1 $5 {[%cal Gc1g5,Gg5d8]}
Qc5 19. Bf3 (19. Bg5 $5 Rd6 20. Qb2 $132) 19... c6 20. d6 {Mit diesem
zeitweiligen Bauernopfer moechte Weiss den Bb7 geschlossen halten.} (20. Be3
Qd6 $17) 20... Rxd6 21. Bxh5 Nxh5 22. Qxh5 Rd3 $17 {Schwarz hat einen gesunde
Bauern mehr - Weiss hat keine Kompensation.} (22... Rbd8 $17) 23. Rxd3 cxd3 24.
Nf3 {[%cal Gf3g5]} Qe7 25. Rd1 (25. Ng5 Nf8 $19) 25... c5 {[%cal Rb7e4,Re4d3,
Re4f3,Gc5c4] Endlich oeffnet Schwarz die Diagonale des b7-Laufers und
mobilisiert seinen c-Bauern.} (25... Rd8 $2 26. Bg5 $16) 26. Ng5 (26. Rxd3 Bxe4
$19) 26... Nf8 (26... c4 $2 27. Qh7+ Kf8 28. h5 $18) 27. Rxd3 f6 28. Nf3 Bxe4
$19 {Schwarz hat einen Bauern mehr und deutlichen Positionsvorteil.} 29. Re3
Bg6 (29... Bd5 $19) 30. Qg4 Qe6 {[%cal Re6g4,Re6a2]} 31. Qxe6+ Nxe6 32. Nd2 Kf7
(32... Nd4 $19) 33. Kf1 Rd8 34. Ke1 c4 35. Bb2 Nc5 {[%csl Yd3][%cal Rc5d3,
Rd3b2,Rd3e1]} 36. Bc3 Nd3+ 37. Kf1 Nc1 (37... Ke6 $19) 38. Ba5 Rc8 (38... Rd3
$19) 39. Re1 Nd3 (39... Nxa2 $6 40. Ra1 c3 41. Rxa2 cxd2 42. Rxd2 Ke6 $17) 40.
Ra1 c3 41. Nb3 c2 42. Bd2 Rd8 43. f3 Nc5 (43... e4 $19) 44. Ke2 (44. Nxc5 Rxd2
$19) 44... Nxb3 45. axb3 Rd3 {[%csl Gc2,Gd3][%cal Rd3a3,Rd3g3][%mdl 4096] Der
Freibauer c2P muss frueher oder spaeter die Partie entscheiden. Die
ungleichfarbigen Laufer helfen Weiss nicht.} 46. h5 Bh7 47. b4 e4 (47... Rb3
48. Rc1 Rxa3 $19) 48. fxe4 Rxg3 49. a4 Bxe4 {Schwarz hat schon zwei Bauern
mehr und steht auf Gewinn.} 50. axb5 axb5 51. Ra7+ Ke6 (51... Kg8 $19) 52. h6
gxh6 53. Ra6+ Kf5 54. Rb6 (54. Bxh6 Rg2+ 55. Kf1 Rh2 $19) 54... Bd3+ 55. Kf2
Rh3 56. Kg2 Rh4 57. Rd6 Be4+ 58. Kf2 Rh1 0-1

[Event "Budapest Hunguest Hotels"]
[Site "Budapest"]
[Date "2003.04.11"]
[Round "1"]
[White "Berkes, Ferenc"]
[Black "Leko, Peter"]
[Result "1/2-1/2"]
[WhiteElo "2578"]
[BlackElo "2746"]
[Annotator "Ribli,Z"]
[PlyCount "81"]
[EventDate "2003.04.11"]
[EventType "tourn"]
[EventRounds "9"]
[EventCountry "HUN"]
[EventCategory "17"]
[SourceTitle "CBM 095"]
[Source "ChessBase"]
[SourceDate "2003.07.25"]
[SourceVersion "1"]
[SourceVersionDate "2003.07.25"]
[SourceQuality "1"]

1. d4 Nf6 2. c4 e6 3. g3 d5 4. Bg2 dxc4 5. Nf3 a6 6. O-O Nc6 {Der ungarische
Supergroßmeister spielt auch diese populäre Variante.} 7. e3 Bd7 8. Nc3 Nd5 9.
Nd2 (9. Qe2 Nxc3 10. bxc3 Bd6 11. Rd1 b5 12. Ne5 Bxe5 13. dxe5 Nxe5 14. Qh5 Nd3
15. Ba3 Rb8 16. Be4 $44 b4 $5 17. Bxb4 Nxb4 $2 (17... Rb5 $1 18. Qg4 (18. Qe2
c5 19. Ba3 O-O 20. Bxd3 cxd3 21. Qxd3 Qa5 $1 $11) 18... Qg5 19. Qxg5 Rxg5 20.
Bxd3 cxd3 21. c4 $1 Bc6 22. f4 $1 $14) 18. cxb4 Rb5 (18... Qe7 19. Qe5 $1 O-O
20. Qxc7 Rfd8 21. Rac1 $16) 19. Qe2 {1-0 Khalifman,A-Petrosian,A/Moscow II
1987/Inf 43 (29)}) 9... Nxc3 (9... Nb6 10. Qe2 Na5 11. e4 $44) 10. bxc3 b5 11.
a4 Be7 $5 {[%mdl 4] Dieser Läuferzug ist die (natürlich vorbereitete) schwarze
Verbesserung. Die Partiefortsetzung scheint mit viel logischer als 11...Rb8 -
jetzt wäre der Damezug 12.Qg4 sinnlos wegen 12.0-0.} (11... Rb8 12. Qg4 (12. e4
e5 $5 13. axb5 axb5 14. d5 Ne7 15. Ba3 Ng6 16. Bxf8 Nxf8 17. f4 Ng6 (17... Qe7
$5 {Ribli} 18. Nf3 $44 (18. fxe5 Ng6)) 18. f5 Ne7 19. f6 {1-0 Wells,P-Barsov,A/
York 2000/CBM 81/[Wells] (31) '->' Ribli.}) (12. axb5 axb5 13. Qg4 g6 14. Qe2
Bd6 15. Ne4 O-O 16. Ba3 Qe7 17. Qf3 $44 {1/2-1/2 Berkes,F-Aronian,L/Goa IND
2002/(53)}) 12... e5 (12... g6 13. Qe2 Ne7 $2 (13... Bd6) 14. axb5 axb5 15. e4
Bg7 16. e5 Nd5 17. Ne4 O-O 18. Bg5 f6 19. exf6 Nxf6 20. Ra7 {1-0 Berni,
M-Fremiotti,U/ITA-ch30 corr 1979/CR97-79 (30)}) 13. Qh5 Bd6 14. axb5 axb5 15.
Ra6 Rb6 16. Rxb6 cxb6 17. Ne4 Qe7 18. f4 exf4 19. exf4 O-O 20. Qd5 Bb8 21. f5 {
1-0 Gulko,B-Sveshnikov,E/Tbilisi 1978/URS-ch (32) Ribli.}) 12. Ba3 (12. Qg4 O-O
$15 (12... h5 13. Qe2 (13. Qxg7 $2 Bf6 14. Qxf6 Qxf6 15. axb5 h4 $17) 13... h4
$13)) 12... Rb8 (12... Bxa3 $6 13. Rxa3 Qe7 14. Qa1 Rb8 15. axb5 axb5 16. Ra6
$36) 13. axb5 axb5 14. Ne4 $44 {[%csl Yc5][%cal Ge4c5] Weiss hat einen Bauern
weniger, aber seine Zentrumstellung ist fest und er hat aktives Figurenspiel.}
O-O 15. Qe2 $6 {Dieser schablonenhafte Damezug gefaellt mir nicht, weil
Schwarz die Initiative erhält.} (15. Bxe7 Nxe7 $15 {[%cal Gd7c6,Gc6g2]}) (15.
Nc5 $44) 15... Bxa3 16. Rxa3 e5 $15 17. d5 (17. Nc5 $142 exd4 18. exd4 Re8 19.
Qd2 $15) 17... Ne7 18. Nc5 {[#]} Bh3 $5 {[%csl Ra3,Rc5][%cal Rd8d6,Rd6a3] Ein
schöner Zug, aber vielleicht ist die genügsame Alternative Bc8 noch besser.} (
18... Bc8 $15) 19. e4 (19. Bxh3 Qd6 20. e4 Qxc5 21. Rfa1 f5 $15) 19... Bxg2 20.
Kxg2 c6 $1 $17 {Auf diese Weise möchte sich Schwarz von seinem Doppelbauern
befreien.} 21. Ra7 $1 {[%csl Yd7][%cal Ga7d7,Gc5d7,Gd7b8,Gd7f8] Gut, oder
schlecht - das ist die einzige Gegenchance für Weiß.} Qb6 $6 (21... Qd6 $1 22.
Qe3 (22. Nd7 Nc8 23. Nxb8 Nxa7 24. Nxc6 Nxc6 25. dxc6 Qxc6 $17) 22... cxd5 23.
Rd7 d4 (23... Qf6 24. exd5 Nf5 25. Qe2 Nd6 26. Ne4 Nxe4 27. Qxe4 $15) 24. Rxd6
dxe3 25. Nd7 Rfd8 $17 (25... Rbd8 26. fxe3 Rfe8 $17)) 22. Rxe7 Qxc5 23. Rxe5 {
[%csl Re5][%cal Gc5e5] Auf diese Weise hat Weiß das materielle Gleichgewicht
wieder hergestellt. Es ist wahr, dass sein Turm auf e5 unsicher steht, aber
Schwarz kann das nicht ausnutzen.} b4 {Schwarz mobilisiert seine Reserven am
Damenflügel, aber wegen des reduzierten Materials hat er keine Gewinnchancen.}
24. cxb4 Rxb4 25. Rc1 g6 26. Qe3 Qd6 (26... Qxe3 27. fxe3 $11) 27. Qf4 cxd5 28.
Rxd5 Qxf4 29. gxf4 c3 30. Rxc3 Rxe4 {[%mdl 4096] Schwarz hat die bessere
Bauernstruktur, aber das ist alles - Weiß kann das Remis leicht halten.} 31.
Kf3 Ra4 32. Rcd3 {[%cal Gd5d8,Gd8g8] Weiß möchte ein Turmpaar tauschen, wonach
die Stellung totremis ist.} Kg7 33. Rd8 Rxd8 34. Rxd8 Ra3+ 35. Kg2 Kf6 36. Rd5
h6 37. Rb5 Rd3 38. Ra5 Ke6 39. Re5+ Kf6 40. Ra5 Ke6 41. Re5+ 1/2-1/2

[Event "HUN-ch Gr A"]
[Site "Balatonlelle"]
[Date "2002.06.01"]
[Round "1"]
[White "Berkes, Ferenc"]
[Black "Gyimesi, Zoltan"]
[Result "1-0"]
[WhiteElo "2511"]
[BlackElo "2605"]
[Annotator "Ribli,Z"]
[PlyCount "101"]
[EventDate "2002.06.01"]
[EventType "tourn"]
[EventRounds "5"]
[EventCountry "HUN"]
[EventCategory "12"]
[SourceTitle "CBM 090"]
[Source "ChessBase"]
[SourceDate "2002.09.20"]
[SourceVersion "1"]
[SourceVersionDate "2002.09.20"]
[SourceQuality "1"]

1. d4 Nf6 2. c4 e6 3. g3 d5 4. Bg2 dxc4 5. Nf3 c5 6. O-O Nc6 7. Ne5 {Dieser
Springerzug ist in letzter Zeit viel populärer als die Alternative 7.Qa4, was
aber auch gut spielbar ist.} (7. Qa4) 7... Bd7 8. Na3 {Dieser Zug wurde zuerst
von Kasparov gespielt (Kasparov,G-Andersson,U/Belgrade 1985). Weiß opfert
seinen d4-Bauern, aber er bekommt sehr starkes Figurenspiel am Damenflügel,
und früher oder später gewinnt er den Bauern zurück.} cxd4 9. Naxc4 Bc5 (9...
Nxe5 10. Nxe5 Qb6 11. Bf4 (11. Nxd7 Nxd7 12. Qa4 Rd8 13. Bf4 (13. e3 Bc5 14.
exd4 Bxd4 15. Bg5 O-O 16. Bxd8 Rxd8 17. Rad1 $14 {1/2-1/2 Chernin,A-Gyimesi,Z/
Lillafured 1999/CBM 70 (41)}) 13... Bc5 14. Rac1 O-O 15. b4 Qxb4 16. Qxb4 Bxb4
17. Bc7 Rde8 18. Bxb7 Re7 19. Rb1 Nb6 20. Bxb6 axb6 21. Rxb4 Rxb7 22. Rxd4 {
1/2-1/2 Cosma,I-Gyimesi,Z/Cappelle la Grande FRA 2002/22)}) 11... Bb5 (11...
Rd8 12. Qb3 Bc5 13. Bxb7 O-O 14. Qxb6 Bxb6 15. a4 Ne8 16. Rfc1 Bc7 17. b4 {
1-0 Tukmakov,V-Gyimesi,Z/Pula 1999/EXT 2000 (30)}) 12. b4 $1 Rd8 13. a4 Bc6 (
13... Bd7 $5) 14. Bxc6+ $1 bxc6 15. Rc1 Rc8 16. b5 $1 {1/2-1/2 Tukmakov,
V-Sokolov,A/Lenk 78/457 2000/[Tukmakov,V] (43)}) 10. a3 {Gewöhnlich spielt man
10.Qb3, aber der Textzug ist auch gut - Weiß will b2-b4 ziehen.} (10. Qb3)
10... Rc8 (10... Nd5 11. b4 Be7 12. Bb2 Rc8 13. Nxc6 Bxc6 14. Ne5 Nc3 15. Bxc6+
bxc6 16. Bxc3 dxc3 17. Qxd8+ Bxd8 18. Rac1 Bf6 {1/2-1/2 Kohlweyer,B-Polaczek,R/
Groningen 1988/EXT 97 (44)}) (10... O-O 11. b4 Be7 12. Bb2 Rc8 13. Nxd7 Qxd7
14. b5 Nb8 15. Qb3 Qc7 16. Rac1 Bc5 {1/2-1/2 Akhmilovskaya,E-Ioseliani,N/
Tskhaltubo 1988/EXT 97 (33)}) 11. b4 Be7 12. Bb2 b5 (12... O-O 13. Nxd7 Qxd7
14. b5 Nb8 15. Qb3 $44 {[%csl Rd4,Gg2][%cal Gg2b7]}) 13. Nxc6 Bxc6 14. Bxc6+
Rxc6 15. Na5 {[%csl Ga5]} Rc7 16. Qd3 a6 17. Rac1 $44 {[%csl Yc6][%cal Ga5c6]}
e5 $2 {Schwarz möchte seinen Materialvorteil halten, aber es wäre besser, den
d4-Bauern aufzugeben und die Entwicklung zu beenden.} (17... O-O $1) 18. Qf5 {
[%csl Gf5]} Bd6 (18... Qd6 $2 19. Rxc7 Qxc7 20. Rc1 g6 21. Qh3 Qd7 22. Rc8+ Bd8
23. Nc6) (18... Rxc1 $2 19. Rxc1 Nd7 20. Nc6 g6 21. Qf3 Qb6 (21... Qa8 22. Nxe5
Qxf3 23. Nxf3 $16 {[%csl Rd4][%cal Rf3d4]}) 22. Bxd4 exd4 23. Qe4 $16) {[#]}
19. Nb7 $1 {[%mdl 64]} Rxb7 $6 (19... g6 $142 $5 20. Qh3 Rxb7 21. Rc8 O-O $16 {
Auf diese Weise haben wir eine ähnliche Stellung wie in der Partie, aber die
Dame steht weniger gut auf h3.}) 20. Rc8 O-O 21. Rxd8 Rxd8 22. Rc1 $16 {
[%mdl 1024] Schwarz hat Turm, Leichtfigur und Bauern gegen der Dame, aber die
weiße schwere Artillerie (c1R und f5Q) ist sehr stark.} Rb6 (22... Rc7 23. Rxc7
Bxc7 24. Qc2 Ne8 25. Qc6 $16 {[%csl Gc6][%cal Rc6a6]}) 23. f4 $1 Re8 (23...
exf4 $6 24. Bxd4 $18) 24. e3 {Weiß sprengt die Stellung und gewinnt einen
Bauern.} Rbb8 25. fxe5 Bxe5 (25... Rxe5 26. Qd3 $16) 26. exd4 Bd6 27. d5 {
[%csl Gd5][%cal Gb2g7] Weiß hat großen Materialvorteil und sein b2B ist sehr
stark.} Ne4 28. Re1 g6 29. Qd7 Bf8 (29... Red8 30. Qc6 f5 31. Rxe4 fxe4 32. Qc3
Kf7 33. Qg7+ Ke8 34. Qxh7 $18) 30. Qc6 {[%cal Rc6a6]} Rec8 (30... Ra8 31. Rxe4
Rxe4 32. Qf6 $18) 31. Qxa6 Nd6 32. Qa7 {[%cal Ra7d4,Rb2h8]} Nc4 33. Ba1 Rb6 {
Schwarz kämpft noch, aber der weiße Materialvorteil muss die Partie
entscheiden.} 34. Rf1 f5 35. Rc1 (35. Re1 $16) 35... Rcb8 36. Bd4 R6b7 37. Qa6
Rf7 38. Kg2 $1 (38. a4 Nd2 39. Bc3 Ne4 40. Be5 Re8 $16) 38... Bg7 39. Bxg7 Kxg7
40. Re1 {[%cal Ge1e8]} Rb6 41. Qc8 Rd6 42. Qc5 f4 {Statt diesem Zug wäre es
vielleicht einfacher gewesen, die Partie aufzugeben.} (42... Rb7 43. a4 $18)
43. Qd4+ Kh6 44. gxf4 $18 Rf5 45. Re7 {[%cal Rd4g7,Rg7h6]} Rfxd5 46. Qg7+ Kh5
47. Qxh7+ Kg4 48. h3+ (48. Qh3+ Kxf4 49. Qh4+ $18) 48... Kxf4 49. Qh4+ Kf5 50.
Rf7+ Ke5 51. Qf4+ (51. Qf4+ Ke6 52. Qf6#) 1-0

[Event "Interzonal-14a"]
[Site "Subotica"]
[Date "1987.??.??"]
[Round "2"]
[White "Alburt, Lev O"]
[Black "Rodriguez Cespedes, Amador"]
[Result "1/2-1/2"]
[WhiteElo "2575"]
[BlackElo "2495"]
[Annotator "Rodriguez,Am"]
[PlyCount "58"]
[EventDate "1987.06.??"]
[EventType "tourn"]
[EventRounds "17"]
[EventCountry "YUG"]
[EventCategory "11"]
[SourceTitle "CBM 003"]
[Source "ChessBase"]
[SourceDate "1988.04.01"]
[SourceVersion "1"]
[SourceVersionDate "1988.04.01"]
[SourceQuality "1"]

1. d4 Nf6 2. c4 e6 3. g3 d5 4. Bg2 dxc4 5. Nf3 c5 6. O-O Nc6 7. Ne5 Bd7 8. Nxc4
cxd4 9. Bf4 Nd5 10. Nd6+ Bxd6 11. Bxd6 Nde7 12. Qb3 b6 $5 13. Qa3 $2 (13. Nd2
$142 $44 {Rodriguez,Am}) 13... Nf5 14. Nd2 Nxd6 15. Qxd6 Rc8 (15... Qe7 $2 16.
Qxc6) 16. Qa3 Qe7 17. Qa4 O-O (17... Qb4 $142 $1 $19) 18. Rac1 Qd6 19. Nc4 Qb8
20. Na3 Qd6 21. Nb5 Qb8 22. Nxd4 Nxd4 23. Qxd4 Bb5 24. Bf3 Rxc1 25. Rxc1 Rc8
26. Rd1 h6 27. Qb4 Be8 28. Qe7 Qc7 29. Qxc7 Rxc7 1/2-1/2

[Event "San Francisco"]
[Site "San Francisco"]
[Date "1995.??.??"]
[Round "4"]
[White "Kortschnoj, Viktor Lvovich"]
[Black "Polgar, Sofia"]
[Result "1-0"]
[WhiteElo "2635"]
[BlackElo "2500"]
[Annotator "Rogers,I"]
[PlyCount "77"]
[EventDate "1995.??.??"]
[EventType "game"]
[EventCountry "ARG"]
[SourceTitle "CBM 046"]
[Source "ChessBase"]
[SourceDate "1995.06.01"]
[SourceVersion "1"]
[SourceVersionDate "1995.06.01"]
[SourceQuality "1"]

1. d4 d5 2. c4 c6 3. Nf3 Nf6 4. Nc3 e6 5. g3 $5 {A pawn sacrifice favoured by
Korchnoi but trusted by few other Grandmasters.} dxc4 6. Bg2 b5 7. Ne5 Nd5 8.
O-O f6 9. Nf3 Be7 10. e4 Nxc3 11. bxc3 a5 12. e5 f5 13. h4 a4 14. Ng5 g6 15.
Rb1 Ra5 {Strange, but White was threatening 15.Rxb5.} 16. Re1 h5 (16... O-O
$142 {Kortschnoj}) 17. Nh3 Kf8 18. Bg5 Bxg5 19. Nxg5 Kg7 20. Qc1 Qe7 21. Qe3
Re8 22. Bf3 Bb7 $2 ({Had Polgar anticipated the following onslaught she would
have tried} 22... Qc7 {when White has sufficient compensation for the pawn but
no more.}) 23. d5 $3 cxd5 ({After} 23... exd5 {White can play} 24. e6 {/\25.Nf7
}) 24. Qb6 Ra6 (24... Nc6 $142 25. Nxe6+ Qxe6 26. Qxb7+ Re7 27. Qb6 Nxe5 28.
Qxe6 Rxe6 29. Bxd5 Re7 30. f4 b4 31. Bg2 b3 32. a3 $14 {Kortschnoj}) 25. Nxe6+
$1 Kh8 26. Qxb5 Bc6 27. Qxb8 $3 {The point behind Kortschnoj's play - Black's
queen will be helpless against White's active pieces.} Rxb8 28. Rxb8+ Kh7 29.
Nd4 $1 Qc7 30. Reb1 Qxe5 31. Rc8 $1 Bd7 ({Black also suffers decisive material
losses after} 31... Ba8 32. Rbb8) 32. Rb7 Rd6 33. Nb5 $1 Kh6 34. Rcc7 $1 f4 35.
Nxd6 Qe1+ 36. Kg2 fxg3 37. Kxg3 g5 38. Nf7+ Kg6 39. Nxg5 (39. Nxg5 Qg1+ 40. Bg2
{Black is helpless.}) 1-0